Top Ten Holiday Destinations - Statistics

General Stats
  • This quiz has been taken 256 times
  • The average score is 7 of 10
Answer Stats
Hint Answer % Correct
9 United States of America
96%
1 Spain
94%
2 France
93%
5 Italy
86%
4 United Kingdom
86%
3 Greece
76%
7 Portugal
68%
6 Turkey
62%
10 Thailand
45%
8 Croatia
31%
No matching quizzes found
Score Distribution
Percent of People with Each Score
Percentile by Number Answered
Your Score History
You have not taken this quiz